[Event "NOR-ch Youth 2019"]
[Site "Skien"]
[Date "2019.11.08"]
[Round "2.17"]
[White "Skjelbred, Marius Hjemsater"]
[Black "Digernes, Mikael"]
[Result "1/2-1/2"]
[WhiteElo "1166"]
[BlackElo "1715"]
[Annotator "NA RC"]
[PlyCount "72"]
[EventDate "2019.11.08"]
[EventType "swiss"]
[EventCountry "NOR"]
[SourceTitle "playchess.com"]
[Source "ChessBase"]
[SourceQuality "1"]
[TimeControl "2400+10"]

1. e4 {[%emt 0:00:00]} e5 {[%emt 0:00:00]} 2. Nf3 {[%emt 0:00:00]} Nc6 {[%emt 0:00:00]} 3. Bc4 {[%emt 0:00:00]} Nf6 {[%emt 0:00:06]} 4. d3 {[%emt 0:00:06]} Bc5 {[%emt 0:00:13]} 5. O-O {[%emt 0:00:23]} d6 {[%emt 0:00:25]} 6. h3 {[%emt 0:00:12]} h6 {[%emt 0:00:11]} 7. c3 {[%emt 0:00:36]} O-O {[%emt 0:01:03]} 8. b4 {[%emt 0:01:19]} Bb6 {[%emt 0:00:47]} 9. Ba3 {[%emt 0:00:45]} Re8 {[%emt 0:04:03]} 10. Re1 {[%emt 0:00:43]} Ne7 {[%emt 0:01:03]} 11. Bb3 {[%emt 0:02:41]} Ng6 {[%emt 0:01:21]} 12. Bc1 {[%emt 0:02:28]} Be6 {[%emt 0:05:36]} 13. Na3 {[%emt 0:01:58]} Bxb3 {[%emt 0:03:29]} 14. Qxb3 {[%emt 0:00:23]} Nh5 {[%emt 0:00:25]} 15. Qc2 {[%emt 0:04:25]} Ngf4 {[%emt 0:01:22]} 16. Bxf4 {[%emt 0:03:04]} Nxf4 {[%emt 0:00:54]} 17. Rad1 {[%emt 0:01:11]} Qf6 {[%emt 0:01:49]} 18. Nc4 {[%emt 0:02:53]} Nxh3+ {[%emt 0:01:13]} 19. gxh3 {[%emt 0:01:15]} Qxf3 {[%emt 0:01:09]} 20. Nxb6 {[%emt 0:01:21]} axb6 {[%emt 0:01:16]} 21. Re3 {[%emt 0:00:29]} Rxa2 {[%emt 0:02:12]} 22. Rxf3 {[%emt 0:02:07]} Rxc2 {[%emt 0:00:02]} 23. c4 {[%emt 0:00:06]} b5 {[%emt 0:01:49]} 24. cxb5 {[%emt 0:01:44]} Rb2 {[%emt 0:01:16]} 25. Rc1 {[%emt 0:00:42]} Rxb4 {[%emt 0:04:42]} 26. Rxc7 {[%emt 0:01:00]} Rxb5 {[%emt 0:05:30]} 27. Rfxf7 {[%emt 0:00:27]} Kh8 {[%emt 0:01:23]} 28. Kf1 {[%emt 0:00:48]} Rb1+ {[%emt 0:00:54]} 29. Ke2 {[%emt 0:00:05]} Ra8 {[%emt 0:00:15]} 30. Rxg7 {[%emt 0:00:28]} Ra2+ {[%emt 0:00:10]} 31. Kf3 {[%emt 0:00:02]} b5 {[%emt 0:00:17]} 32. Rh7+ {[%emt 0:00:02]} Kg8 {[%emt 0:00:01]} 33. Rhg7+ {[%emt 0:00:02]} Kh8 {[%emt 0:00:16]} 34. Rh7+ {[%emt 0:00:03]} Kg8 {[%emt 0:00:01]} 35. Rhg7+ {[%emt 0:00:20]} Kh8 {[%emt 0:00:01]} 36. Rh7+ {[%emt 0:00:03]} Kg8 {[%emt 0:00:01]} 1/2-1/2

[Event "NOR-ch Youth 2019"]
[Site "Skien"]
[Date "2019.11.08"]
[Round "2.18"]
[White "Strand, Vetle Bjorge"]
[Black "Nilsen, Henrik Lauvsnes"]
[Result "1-0"]
[WhiteElo "1695"]
[BlackElo "1169"]
[Annotator "NA RC"]
[PlyCount "203"]
[EventDate "2019.11.08"]
[EventType "swiss"]
[EventCountry "NOR"]
[SourceTitle "playchess.com"]
[Source "ChessBase"]
[SourceQuality "1"]
[TimeControl "2400+10"]

1. d4 {[%emt 0:00:00]} d5 {[%emt 0:00:00]} 2. c4 {[%emt 0:00:00]} e6 {[%emt 0:00:02]} 3. Nf3 {[%emt 0:00:00]} Nf6 {[%emt 0:00:31]} 4. Nc3 {[%emt 0:00:00]} Nbd7 {[%emt 0:02:00]} 5. Bf4 {[%emt 0:00:04]} c6 {[%emt 0:00:20]} 6. e3 {[%emt 0:00:13]} Bb4 {[%emt 0:00:19]} 7. Qc2 {[%emt 0:00:17]} O-O {[%emt 0:00:39]} 8. Bd3 {[%emt 0:00:23]} Bxc3+ {[%emt 0:01:49]} 9. Qxc3 {[%emt 0:00:12]} h6 {[%emt 0:01:54]} 10. h3 {[%emt 0:01:58]} dxc4 {[%emt 0:02:11]} 11. Bxc4 {[%emt 0:02:42]} Nb6 {[%emt 0:00:02]} 12. Qd3 {[%emt 0:10:11]} Qe7 {[%emt 0:04:04]} 13. O-O {[%emt 0:00:53]} Nbd5 {[%emt 0:01:38]} 14. Bh2 {[%emt 0:02:07]} Bd7 {[%emt 0:08:21]} 15. a3 {[%emt 0:01:05]} c5 {[%emt 0:01:55]} 16. Bxd5 {[%emt 0:03:23]} Nxd5 {[%emt 0:00:46]} 17. dxc5 {[%emt 0:00:12]} Qxc5 {[%emt 0:00:08]} 18. e4 {[%emt 0:00:35]} Bb5 {[%emt 0:00:25]} 19. Rfc1 {[%emt 0:03:24]} Qxc1+ {[%emt 0:01:24]} 20. Rxc1 {[%emt 0:00:24]} Bxd3 {[%emt 0:00:02]} 21. exd5 {[%emt 0:00:01]} exd5 {[%emt 0:00:09]} 22. Be5 {[%emt 0:00:59]} Rac8 {[%emt 0:01:40]} 23. Bc3 {[%emt 0:00:38]} f6 {[%emt 0:01:30]} 24. Nd4 {[%emt 0:02:29]} a6 {[%emt 0:00:57]} 25. Rd1 {[%emt 0:00:36]} Bg6 {[%emt 0:00:58]} 26. Ne6 {[%emt 0:01:07]} Rfe8 {[%emt 0:00:13]} 27. Nf4 {[%emt 0:00:06]} Bf7 {[%emt 0:00:02]} 28. Nxd5 {[%emt 0:02:59]} Rcd8 {[%emt 0:00:28]} 29. Ne3 {[%emt 0:00:10]} Rxd1+ {[%emt 0:00:14]} 30. Nxd1 {[%emt 0:00:01]} Kh7 {[%emt 0:01:48]} 31. Ne3 {[%emt 0:00:03]} Kg6 {[%emt 0:01:00]} 32. Kf1 {[%emt 0:00:04]} h5 {[%emt 0:01:57]} 33. h4 {[%emt 0:00:17]} Re4 {[%emt 0:00:27]} 34. g3 {[%emt 0:00:15]} f5 {[%emt 0:00:26]} 35. Kg2 {[%emt 0:02:26]} f4 {[%emt 0:00:37]} 36. Kf3 {[%emt 0:00:03]} fxe3 {[%emt 0:00:28]} 37. fxe3 {[%emt 0:00:43]} Bd5 {[%emt 0:00:07]} 38. Kf2 {[%emt 0:00:15]} Kh6 {[%emt 0:00:05]} 39. Bd2 {[%emt 0:00:17]} g5 {[%emt 0:00:23]} 40. hxg5+ {[%emt 0:00:15]} Kxg5 {[%emt 0:00:05]} 41. Kf3 {[%emt 0:00:06]} Rb4+ {[%emt 0:00:18]} 42. e4+ {[%emt 0:00:02]} Kg6 {[%emt 0:00:16]} 43. Bxb4 {[%emt 0:00:04]} Be6 {[%emt 0:00:14]} 44. Kf4 {[%emt 0:00:05]} Bg4 {[%emt 0:00:08]} 45. Ke5 {[%emt 0:00:30]} Kf7 {[%emt 0:00:19]} 46. Kd6 {[%emt 0:00:15]} Bf3 {[%emt 0:00:18]} 47. e5 {[%emt 0:00:03]} Bc6 {[%emt 0:00:02]} 48. e6+ {[%emt 0:00:10]} Kf8 {[%emt 0:02:18]} 49. Bc3 {[%emt 0:01:38]} Ke8 {[%emt 0:00:23]} 50. Bf6 {[%emt 0:00:49]} Bf3 {[%emt 0:00:59]} 51. Kc7 {[%emt 0:01:08]} Bc6 {[%emt 0:00:13]} 52. Kd6 {[%emt 0:01:14]} Bf3 {[%emt 0:00:05]} 53. Ke5 {[%emt 0:00:02]} Bc6 {[%emt 0:00:04]} 54. Kf5 {[%emt 0:00:13]} Bd5 {[%emt 0:00:11]} 55. Bg5 {[%emt 0:00:40]} Bc6 {[%emt 0:00:24]} 56. Kg6 {[%emt 0:00:12]} Bd5 {[%emt 0:00:02]} 57. Kf6 {[%emt 0:00:14]} Bc6 {[%emt 0:00:09]} 58. Bf4 {[%emt 0:00:07]} Bd5 {[%emt 0:00:11]} 59. Bd6 {[%emt 0:00:01]} Bf3 {[%emt 0:00:10]} 60. a4 {[%emt 0:00:20]} Bd5 {[%emt 0:00:26]} 61. a5 {[%emt 0:00:01]} Bc6 {[%emt 0:00:07]} 62. Ke5 {[%emt 0:00:01]} Kd8 {[%emt 0:00:23]} 63. Kd4 {[%emt 0:00:02]} Bf3 {[%emt 0:00:16]} 64. Kc5 {[%emt 0:00:13]} Bc6 {[%emt 0:00:02]} 65. b4 {[%emt 0:00:03]} Ba4 {[%emt 0:00:09]} 66. Kc4 {[%emt 0:00:34]} Bb5+ {[%emt 0:00:03]} 67. Kc5 {[%emt 0:00:01]} Bc6 {[%emt 0:00:01]} 68. Kd4 {[%emt 0:00:21]} Bb5 {[%emt 0:00:06]} 69. Ke5 {[%emt 0:00:01]} Bc6 {[%emt 0:00:11]} 70. Kf6 {[%emt 0:00:02]} Be8 {[%emt 0:00:08]} 71. Bc5 {[%emt 0:00:17]} Bc6 {[%emt 0:00:17]} 72. Kf7 {[%emt 0:00:06]} Be8+ {[%emt 0:00:02]} 73. Kf8 {[%emt 0:00:03]} Bc6 {[%emt 0:00:09]} 74. Bb6+ {[%emt 0:00:06]} Kc8 {[%emt 0:00:16]} 75. e7 {[%emt 0:00:03]} Bd7 {[%emt 0:00:10]} 76. e8=Q+ {[%emt 0:00:02]} Bxe8 {[%emt 0:00:04]} 77. Kxe8 {[%emt 0:00:01]} Kb8 {[%emt 0:00:01]} 78. Kf7 {[%emt 0:00:04]} Kc8 {[%emt 0:00:07]} 79. Kg6 {[%emt 0:00:01]} Kd7 {[%emt 0:00:01]} 80. Kxh5 {[%emt 0:00:02]} Kc6 {[%emt 0:00:00]} 81. g4 {[%emt 0:00:02]} Kb5 {[%emt 0:00:08]} 82. Bc5 {[%emt 0:00:02]} Kc6 {[%emt 0:00:01]} 83. g5 {[%emt 0:00:01]} Kd7 {[%emt 0:00:02]} 84. g6 {[%emt 0:00:02]} Ke8 {[%emt 0:00:02]} 85. g7 {[%emt 0:00:02]} Kf7 {[%emt 0:00:01]} 86. Bf8 {[%emt 0:00:01]} Kg8 {[%emt 0:00:06]} 87. Kg5 {[%emt 0:00:01]} Kf7 {[%emt 0:00:02]} 88. Kf5 {[%emt 0:00:01]} Kg8 {[%emt 0:00:02]} 89. Ke5 {[%emt 0:00:02]} Kf7 {[%emt 0:00:03]} 90. Kd6 {[%emt 0:00:00]} Kg8 {[%emt 0:00:01]} 91. Kc7 {[%emt 0:00:01]} Kf7 {[%emt 0:00:02]} 92. Kxb7 {[%emt 0:00:01]} Kg8 {[%emt 0:00:02]} 93. Kxa6 {[%emt 0:00:01]} Kf7 {[%emt 0:00:01]} 94. b5 {[%emt 0:00:01]} Kg8 {[%emt 0:00:04]} 95. b6 {[%emt 0:00:01]} Kh7 {[%emt 0:00:03]} 96. b7 {[%emt 0:00:01]} Kg8 {[%emt 0:00:01]} 97. b8=Q {[%emt 0:00:02]} Kh7 {[%emt 0:00:05]} 98. Qh2+ {[%emt 0:00:01]} Kg8 {[%emt 0:00:06]} 99. Qh8+ {[%emt 0:00:02]} Kf7 {[%emt 0:00:01]} 100. g8=Q+ {[%emt 0:00:03]} Ke8 {[%emt 0:00:04]} 101. Qe6+ {[%emt 0:00:08]} Kd8 {[%emt 0:00:03]} 102. Bd6# {[%emt 0:00:03]} 1-0

[Event "NOR-ch Youth 2019"]
[Site "Skien"]
[Date "2019.11.08"]
[Round "2.19"]
[White "Brattgjerd, Isak Vinh"]
[Black "Ho, Nhat-Huy Dac"]
[Result "1-0"]
[WhiteElo "1699"]
[BlackElo "1178"]
[Annotator "NA RC"]
[PlyCount "87"]
[EventDate "2019.11.08"]
[EventType "swiss"]
[EventCountry "NOR"]
[SourceTitle "playchess.com"]
[Source "ChessBase"]
[SourceQuality "1"]
[TimeControl "2400+10"]

1. d4 {[%emt 0:00:00]} e6 {[%emt 0:00:00]} 2. Bf4 {[%emt 0:00:00]} d5 {[%emt 0:00:20]} 3. e3 {[%emt 0:00:00]} Nc6 {[%emt 0:00:10]} 4. c3 {[%emt 0:00:02]} Bd6 {[%emt 0:00:32]} 5. Bg3 {[%emt 0:00:03]} Nf6 {[%emt 0:00:15]} 6. Bd3 {[%emt 0:00:02]} Bxg3 {[%emt 0:00:22]} 7. hxg3 {[%emt 0:00:02]} O-O {[%emt 0:00:22]} 8. Nf3 {[%emt 0:00:02]} Qe7 {[%emt 0:00:49]} 9. Ne5 {[%emt 0:00:07]} Bd7 {[%emt 0:00:41]} 10. Bxh7+ {[%emt 0:06:46]} Kh8 {[%emt 0:01:33]} 11. Bg6+ {[%emt 0:01:43]} Kg8 {[%emt 0:00:05]} 12. Bxf7+ {[%emt 0:03:24]} Rxf7 {[%emt 0:00:21]} 13. Ng6 {[%emt 0:00:16]} Rff8 {[%emt 0:01:43]} 14. Nxe7+ {[%emt 0:00:17]} Nxe7 {[%emt 0:00:02]} 15. Nd2 {[%emt 0:00:00]} Ng6 {[%emt 0:00:28]} 16. Qc2 {[%emt 0:00:04]} Nh8 {[%emt 0:00:35]} 17. e4 {[%emt 0:00:04]} Be8 {[%emt 0:00:25]} 18. e5 {[%emt 0:00:16]} Bg6 {[%emt 0:00:03]} 19. Qd1 {[%emt 0:00:01]} Nh7 {[%emt 0:00:17]} 20. Nf3 {[%emt 0:00:33]} Be4 {[%emt 0:00:33]} 21. c4 {[%emt 0:00:27]} Rad8 {[%emt 0:01:00]} 22. cxd5 {[%emt 0:00:04]} Rxd5 {[%emt 0:00:03]} 23. Rc1 {[%emt 0:00:04]} c6 {[%emt 0:00:18]} 24. Rc4 {[%emt 0:00:46]} Rd7 {[%emt 0:00:19]} 25. Qe2 {[%emt 0:00:51]} Bd5 {[%emt 0:00:32]} 26. Rc3 {[%emt 0:00:11]} Rdf7 {[%emt 0:01:12]} 27. Rxh7 {[%emt 0:01:28]} Kxh7 {[%emt 0:00:53]} 28. Ng5+ {[%emt 0:00:03]} Kg8 {[%emt 0:00:00]} 29. Nxf7 {[%emt 0:00:03]} Rxf7 {[%emt 0:00:01]} 30. f3 {[%emt 0:00:05]} a6 {[%emt 0:00:27]} 31. a4 {[%emt 0:00:20]} g6 {[%emt 0:00:34]} 32. b4 {[%emt 0:00:07]} Kg7 {[%emt 0:00:08]} 33. b5 {[%emt 0:00:10]} cxb5 {[%emt 0:00:47]} 34. axb5 {[%emt 0:00:00]} a5 {[%emt 0:00:01]} 35. Qc2 {[%emt 0:00:23]} g5 {[%emt 0:00:27]} 36. Rc7 {[%emt 0:00:04]} Rxc7 {[%emt 0:00:04]} 37. Qxc7+ {[%emt 0:00:00]} Nf7 {[%emt 0:00:05]} 38. Qxa5 {[%emt 0:00:03]} Kg6 {[%emt 0:00:18]} 39. g4 {[%emt 0:00:25]} Nh8 {[%emt 0:00:20]} 40. Qd8 {[%emt 0:00:03]} Nf7 {[%emt 0:00:02]} 41. Qf6+ {[%emt 0:00:02]} Kh7 {[%emt 0:00:00]} 42. Qxf7+ {[%emt 0:00:01]} Kh8 {[%emt 0:00:00]} 43. f4 {[%emt 0:00:05]} gxf4 {[%emt 0:00:01]} 44. g5 {[%emt 0:00:01]} 1-0

[Event "NOR-ch Youth 2019"]
[Site "Skien"]
[Date "2019.11.08"]
[Round "2.20"]
[White "Bakkerud, Balder Jonsson"]
[Black "Ostensen, Nicolai Maxime"]
[Result "0-1"]
[WhiteElo "1186"]
[BlackElo "1691"]
[Annotator "NA RC"]
[PlyCount "45"]
[EventDate "2019.11.08"]
[EventType "swiss"]
[EventCountry "NOR"]
[SourceTitle "playchess.com"]
[Source "ChessBase"]
[SourceQuality "1"]
[TimeControl "2400+10"]

1. d4 {[%emt 0:00:00]} Nf6 {[%emt 0:00:00]} 2. c4 {[%emt 0:00:04]} c5 {[%emt 0:00:00]} 3. d5 {[%emt 0:00:15]} e6 {[%emt 0:00:01]} 4. Nc3 {[%emt 0:00:13]} exd5 {[%emt 0:00:08]} 5. cxd5 {[%emt 0:00:11]} d6 {[%emt 0:00:01]} 6. e4 {[%emt 0:00:17]} a6 {[%emt 0:00:21]} 7. a4 {[%emt 0:01:00]} g6 {[%emt 0:00:19]} 8. f4 {[%emt 0:00:33]} Nbd7 {[%emt 0:02:44]} 9. Nf3 {[%emt 0:00:27]} Bg7 {[%emt 0:02:58]} 10. Bc4 {[%emt 0:09:07]} O-O {[%emt 0:02:17]} 11. O-O {[%emt 0:00:16]} Nb6 {[%emt 0:00:46]} 12. Bb3 {[%emt 0:00:44]} Bg4 {[%emt 0:01:32]} 13. Be3 {[%emt 0:01:10]} Bxf3 {[%emt 0:02:28]} 14. Qxf3 {[%emt 0:00:25]} Nfd7 {[%emt 0:01:46]} 15. a5 {[%emt 0:04:41]} Nc8 {[%emt 0:00:12]} 16. Ba4 {[%emt 0:01:38]} Rb8 {[%emt 0:14:21]} 17. Qf2 {[%emt 0:05:13]} b5 {[%emt 0:00:56]} 18. axb6 {[%emt 0:00:21]} Ncxb6 {[%emt 0:00:02]} 19. Bxd7 {[%emt 0:00:43]} Qxd7 {[%emt 0:00:38]} 20. Rxa6 {[%emt 0:00:36]} Nc4 {[%emt 0:00:15]} 21. Ra2 {[%emt 0:02:50]} Nxe3 {[%emt 0:00:06]} 22. Qxe3 {[%emt 0:00:10]} Bd4 {[%emt 0:00:02]} 23. Qxd4 {[%emt 0:01:01]} 0-1

[Event "NOR-ch Youth 2019"]
[Site "Skien"]
[Date "2019.11.08"]
[Round "2.21"]
[White "Khoo-Thwe, Louis"]
[Black "Tollefsen, Jacob"]
[Result "1/2-1/2"]
[WhiteElo "1660"]
[BlackElo "1160"]
[Annotator "NA RC"]
[PlyCount "100"]
[EventDate "2019.11.08"]
[EventType "swiss"]
[EventCountry "NOR"]
[SourceTitle "playchess.com"]
[Source "ChessBase"]
[SourceQuality "1"]
[TimeControl "2400+10"]

1. e4 {[%emt 0:00:00]} e5 {[%emt 0:00:00]} 2. Nf3 {[%emt 0:00:00]} Nc6 {[%emt 0:00:00]} 3. Bc4 {[%emt 0:00:00]} Bc5 {[%emt 0:00:43]} 4. O-O {[%emt 0:00:04]} h6 {[%emt 0:00:31]} 5. c3 {[%emt 0:00:14]} d6 {[%emt 0:03:26]} 6. d4 {[%emt 0:00:11]} Bb6 {[%emt 0:00:18]} 7. dxe5 {[%emt 0:00:41]} Qe7 {[%emt 0:02:58]} 8. exd6 {[%emt 0:00:18]} cxd6 {[%emt 0:00:15]} 9. Bf4 {[%emt 0:01:32]} Bc7 {[%emt 0:02:31]} 10. Na3 {[%emt 0:01:45]} a6 {[%emt 0:01:17]} 11. Qd3 {[%emt 0:01:01]} Qf6 {[%emt 0:03:26]} 12. Bg3 {[%emt 0:00:41]} Bg4 {[%emt 0:05:06]} 13. Rad1 {[%emt 0:02:32]} Bxf3 {[%emt 0:01:21]} 14. Qxf3 {[%emt 0:00:03]} Qxf3 {[%emt 0:00:01]} 15. gxf3 {[%emt 0:00:03]} Rd8 {[%emt 0:00:10]} 16. Rd2 {[%emt 0:00:21]} Nf6 {[%emt 0:00:08]} 17. Rfd1 {[%emt 0:00:03]} Ne5 {[%emt 0:00:08]} 18. Bd5 {[%emt 0:02:54]} Nxf3+ {[%emt 0:00:50]} 19. Kg2 {[%emt 0:00:19]} Nxd2 {[%emt 0:00:02]} 20. Rxd2 {[%emt 0:00:00]} Nxd5 {[%emt 0:00:20]} 21. Rxd5 {[%emt 0:00:01]} b5 {[%emt 0:01:10]} 22. c4 {[%emt 0:00:19]} bxc4 {[%emt 0:00:52]} 23. Nxc4 {[%emt 0:00:02]} O-O {[%emt 0:00:34]} 24. Kf3 {[%emt 0:01:31]} Rfe8 {[%emt 0:00:56]} 25. Nxd6 {[%emt 0:02:59]} Bxd6 {[%emt 0:00:17]} 26. Bxd6 {[%emt 0:00:02]} Re6 {[%emt 0:00:22]} 27. Bc5 {[%emt 0:00:14]} Rxd5 {[%emt 0:00:08]} 28. exd5 {[%emt 0:00:01]} Re5 {[%emt 0:00:09]} 29. Bd4 {[%emt 0:01:27]} Rxd5 {[%emt 0:00:03]} 30. Ke4 {[%emt 0:00:01]} Rh5 {[%emt 0:00:10]} 31. Be5 {[%emt 0:00:02]} f6 {[%emt 0:00:08]} 32. Bg3 {[%emt 0:00:08]} Rc5 {[%emt 0:00:05]} 33. Kd3 {[%emt 0:00:10]} Kf7 {[%emt 0:00:06]} 34. Bf4 {[%emt 0:00:17]} g5 {[%emt 0:00:07]} 35. Be3 {[%emt 0:00:01]} Rc6 {[%emt 0:00:09]} 36. b4 {[%emt 0:00:10]} Ke6 {[%emt 0:00:05]} 37. a4 {[%emt 0:00:02]} Rc8 {[%emt 0:00:13]} 38. b5 {[%emt 0:00:53]} axb5 {[%emt 0:00:06]} 39. axb5 {[%emt 0:00:02]} Kd5 {[%emt 0:00:04]} 40. Ba7 {[%emt 0:01:53]} Ra8 {[%emt 0:00:17]} 41. b6 {[%emt 0:00:10]} Kc6 {[%emt 0:00:06]} 42. Ke4 {[%emt 0:00:01]} Rf8 {[%emt 0:00:13]} 43. Kf5 {[%emt 0:00:02]} Kb7 {[%emt 0:00:05]} 44. Kg6 {[%emt 0:00:23]} Re8 {[%emt 0:00:19]} 45. Kxf6 {[%emt 0:00:45]} Re2 {[%emt 0:00:04]} 46. Kg6 {[%emt 0:00:03]} Rxf2 {[%emt 0:00:03]} 47. Kxh6 {[%emt 0:00:01]} Rxh2+ {[%emt 0:00:03]} 48. Kxg5 {[%emt 0:00:02]} Rb2 {[%emt 0:00:01]} 49. Kf4 {[%emt 0:00:04]} Rxb6 50. Bxb6 {[%emt 0:00:01]} Kxb6 {[%emt 0:00:03]} 1/2-1/2

[Event "NOR-ch Youth 2019"]
[Site "Skien"]
[Date "2019.11.08"]
[Round "2.23"]
[White "Lindstad, Victor"]
[Black "Haug, Havard"]
[Result "0-1"]
[WhiteElo "1068"]
[BlackElo "1544"]
[Annotator "NA RC"]
[PlyCount "84"]
[EventDate "2019.11.08"]
[EventType "swiss"]
[EventCountry "NOR"]
[SourceTitle "playchess.com"]
[Source "ChessBase"]
[SourceQuality "1"]
[TimeControl "2400+10"]

1. e4 {[%emt 0:00:00]} c5 {[%emt 0:00:00]} 2. Nf3 {[%emt 0:00:02]} Nc6 {[%emt 0:00:00]} 3. d4 {[%emt 0:00:11]} cxd4 {[%emt 0:00:00]} 4. Nxd4 {[%emt 0:00:32]} Nf6 {[%emt 0:00:00]} 5. Nc3 {[%emt 0:00:22]} d6 {[%emt 0:00:07]} 6. Bc4 {[%emt 0:00:32]} e6 {[%emt 0:00:10]} 7. Bg5 {[%emt 0:00:31]} Be7 {[%emt 0:00:14]} 8. O-O {[%emt 0:00:10]} O-O {[%emt 0:00:10]} 9. Qf3 {[%emt 0:02:07]} Nxd4 {[%emt 0:00:01]} 10. Qd3 {[%emt 0:00:43]} Nc6 {[%emt 0:00:06]} 11. Bxf6 {[%emt 0:00:34]} Bxf6 {[%emt 0:00:02]} 12. Rab1 {[%emt 0:00:45]} Ne5 {[%emt 0:00:02]} 13. Qe2 {[%emt 0:00:37]} Nxc4 {[%emt 0:00:02]} 14. Qxc4 {[%emt 0:00:06]} Bxc3 {[%emt 0:00:07]} 15. Qxc3 {[%emt 0:00:38]} Bd7 {[%emt 0:00:05]} 16. Rfe1 {[%emt 0:00:29]} Qc8 {[%emt 0:00:07]} 17. Qd3 {[%emt 0:00:16]} Qc7 {[%emt 0:00:21]} 18. c4 {[%emt 0:00:50]} Bc6 {[%emt 0:00:09]} 19. b4 {[%emt 0:00:45]} b6 {[%emt 0:00:15]} 20. b5 {[%emt 0:00:12]} Bb7 {[%emt 0:00:01]} 21. a4 {[%emt 0:00:10]} Rac8 {[%emt 0:00:08]} 22. Rec1 {[%emt 0:00:34]} d5 {[%emt 0:00:20]} 23. exd5 {[%emt 0:02:44]} exd5 {[%emt 0:00:00]} 24. Rb4 {[%emt 0:00:35]} dxc4 {[%emt 0:00:17]} 25. Rcxc4 {[%emt 0:00:22]} Qe7 {[%emt 0:02:20]} 26. Qf1 {[%emt 0:02:53]} Rxc4 {[%emt 0:00:17]} 27. Rxc4 {[%emt 0:00:11]} a6 {[%emt 0:00:17]} 28. Qd3 {[%emt 0:01:02]} Qe1+ {[%emt 0:00:02]} 29. Qf1 {[%emt 0:00:22]} Qxf1+ {[%emt 0:00:02]} 30. Kxf1 {[%emt 0:00:20]} Rc8 {[%emt 0:00:13]} 31. bxa6 {[%emt 0:01:27]} Bxa6 {[%emt 0:00:01]} 32. Ke1 {[%emt 0:01:18]} Rxc4 {[%emt 0:00:01]} 33. Kd2 {[%emt 0:00:21]} Rxa4 34. g3 {[%emt 0:00:24]} Rc4 {[%emt 0:00:00]} 35. h4 {[%emt 0:00:50]} b5 {[%emt 0:00:01]} 36. f4 {[%emt 0:00:26]} b4 {[%emt 0:00:00]} 37. Kd3 {[%emt 0:00:17]} b3 {[%emt 0:00:01]} 38. Kd2 {[%emt 0:00:16]} b2 {[%emt 0:00:01]} 39. h5 {[%emt 0:00:17]} b1=Q {[%emt 0:00:00]} 40. Ke3 {[%emt 0:00:22]} Rc3+ {[%emt 0:00:57]} 41. Kf2 {[%emt 0:00:57]} Qb2+ {[%emt 0:00:00]} 42. Kg1 {[%emt 0:00:30]} Rc1# {[%emt 0:00:00]} 0-1

[Event "NOR-ch Youth 2019"]
[Site "Skien"]
[Date "2019.11.09"]
[Round "3.1"]
[White "Vestby-Ellingsen, Mads"]
[Black "Nordquelle, Daniel"]
[Result "1-0"]
[WhiteElo "2351"]
[BlackElo "2190"]
[Annotator "TA"]
[PlyCount "41"]
[EventDate "2019.11.08"]
[EventType "swiss"]
[EventCountry "NOR"]
[SourceTitle "playchess.com"]
[Source "ChessBase"]
[SourceQuality "1"]

{[%evp 9,41,0,2,-16,8,22,135,136,246,196,269,102,210,199,177,151,228,217,357,233,374,369,380,379,362,371,349,350,409,415,414,418,408,397]} 1. e4 c5 2. Nf3 d6 3. Nc3 Nf6 4. e5 dxe5 5. Nxe5 a6 6. g3 {B50: Sicilian: 2...d6, Miscellaneous} Qc7 7. d4 b6 $146 {[#]} (7... e6 $11 {keeps the balance.}) ({Predecessor:} 7... cxd4 8. Qxd4 Nc6 9. Nxc6 Qxc6 10. Bg5 Qd7 11. Bxf6 gxf6 12. Nd5 Bh6 13. Rd1 Qe6+ {0-1 (35) Mamedov,R (2703)-Saric,I (2695) St Petersburg 2018}) 8. Bf4 $1 $16 {White is clearly better.} g5 (8... Bb7 $16) 9. Bxg5 {Threatens to win with Bc4.} Bb7 {[#]} (9... Bg7 {keeps fighting.}) 10. Rg1 $2 (10. Bc4 $1 $18 {[%cal Rc4f7] is the precise move to win.} Bxh1 11. Bxf7+ Kd8 12. Be6) 10... cxd4 (10... Bg7 $16) 11. Qxd4 $18 {Hoping for Bc4.} Bg7 12. Nc4 b5 (12... Nbd7 $16) 13. Nb6 $40 {[%mdl 128] Black must now prevent Bf4. Black is in trouble.} Ra7 (13... O-O {is a better defense.}) 14. Bf4 Nc6 (14... e5 {might work better.}) 15. Qxf6 ({Less strong is} 15. Bxc7 Nxd4 16. O-O-O Bc6 $14) 15... Bxf6 16. Bxc7 Nd4 {Threatening ...Nf3+.} 17. Bb8 ({Don't do} 17. O-O-O Bf3 $18) 17... Nf3+ 18. Kd1 Ra8 19. Nxa8 {White is winning.} Bxa8 20. Rg2 O-O 21. Bc7 1-0

[Event "NOR-ch Youth 2019"]
[Site "Skien"]
[Date "2019.11.09"]
[Round "3.2"]
[White "Lund, Gunnar"]
[Black "Fossan, Aleksander"]
[Result "1/2-1/2"]
[WhiteElo "2274"]
[BlackElo "2179"]
[Annotator "RC"]
[PlyCount "80"]
[EventDate "2019.11.08"]
[EventType "swiss"]
[EventCountry "NOR"]
[SourceTitle "playchess.com"]
[Source "ChessBase"]
[SourceQuality "1"]
[TimeControl "2400+10"]

1. d4 {[%emt 0:00:00]} Nf6 {[%emt 0:01:15]} 2. Bg5 {[%emt 0:00:01]} c5 {[%emt 0:00:20]} 3. d5 {[%emt 0:00:03]} Ne4 {[%emt 0:00:15]} 4. Bf4 {[%emt 0:00:03]} Qb6 {[%emt 0:00:03]} 5. Bc1 {[%emt 0:00:02]} e6 {[%emt 0:00:44]} 6. f3 {[%emt 0:00:39]} Nf6 {[%emt 0:00:03]} 7. e4 {[%emt 0:00:51]} exd5 {[%emt 0:01:21]} 8. exd5 {[%emt 0:00:03]} Be7 {[%emt 0:01:59]} 9. Nc3 {[%emt 0:01:08]} O-O {[%emt 0:00:43]} 10. Nh3 {[%emt 0:03:14]} Bd6 {[%emt 0:02:54]} 11. Be2 {[%emt 0:00:47]} a6 {[%emt 0:00:04]} 12. a4 {[%emt 0:01:26]} Qb4 {[%emt 0:04:11]} 13. O-O {[%emt 0:01:40]} Be5 {[%emt 0:00:45]} 14. Ra3 {[%emt 0:04:58]} d6 {[%emt 0:02:20]} 15. f4 {[%emt 0:02:54]} Bd4+ {[%emt 0:01:17]} 16. Nf2 {[%emt 0:00:04]} Nbd7 {[%emt 0:03:44]} 17. Kh1 {[%emt 0:01:51]} Bxf2 {[%emt 0:01:12]} 18. Rxf2 {[%emt 0:00:02]} Qd4 {[%emt 0:00:03]} 19. Rf1 {[%emt 0:00:38]} Nb6 {[%emt 0:00:14]} 20. a5 {[%emt 0:03:15]} Nbxd5 {[%emt 0:02:39]} 21. Qxd4 cxd4 {[%emt 0:00:01]} 22. Nxd5 {[%emt 0:00:16]} Nxd5 {[%emt 0:00:01]} 23. Rd3 {[%emt 0:00:16]} Ne3 {[%emt 0:02:42]} 24. Bxe3 {[%emt 0:00:16]} dxe3 {[%emt 0:00:01]} 25. Rxe3 {[%emt 0:00:03]} Bf5 {[%emt 0:00:35]} 26. Bd3 {[%emt 0:02:34]} Bxd3 {[%emt 0:00:18]} 27. Rxd3 {[%emt 0:00:02]} Rac8 {[%emt 0:01:08]} 28. c3 {[%emt 0:00:13]} Rc6 {[%emt 0:01:37]} 29. Rfd1 {[%emt 0:00:11]} Re8 {[%emt 0:02:23]} 30. Kg1 {[%emt 0:01:00]} Re6 {[%emt 0:00:01]} 31. f5 {[%emt 0:02:38]} Rf6 {[%emt 0:00:04]} 32. Rd5 {[%emt 0:00:14]} Kf8 {[%emt 0:00:43]} 33. R1d4 {[%emt 0:01:04]} b6 {[%emt 0:04:15]} 34. h3 {[%emt 0:06:11]} Ke7 {[%emt 0:01:08]} 35. Rh4 {[%emt 0:00:09]} h6 {[%emt 0:01:14]} 36. Rg4 {[%emt 0:01:11]} g6 {[%emt 0:00:39]} 37. fxg6 {[%emt 0:00:21]} fxg6 {[%emt 0:00:01]} 38. axb6 Rxb6 {[%emt 0:00:00]} 39. b4 {[%emt 0:00:50]} Rb5 {[%emt 0:00:30]} 40. Rgd4 {[%emt 0:00:27]} Kd7 {[%emt 0:00:43]} 1/2-1/2